Método del camino crítico : (Record no. 101655)

MARC details
000 -CABECERA
campo de control de longitud fija 00627nam a2200169 a 4500
005 - FECHA Y HORA DE LA ÚLTIMA TRANSACCIÓN
campo de control 20210219154642.0
008 - ELEMENTOS DE LONGITUD FIJA--INFORMACIÓN GENERAL
campo de control de longitud fija 031002s19701978mx r 000 0 spa d
035 ## - NÚMERO DE CONTROL DEL SISTEMA
Número de control de sistema UPN01000129483
049 ## - COLECCIÓN
Colección CG
050 #4 - SIGNATURA TOPOGRÁFICA DE LA BIBLIOTECA DEL CONGRESO
Número de clasificación TA194
Número de documento/Ítem C3.48
245 00 - MENCIÓN DE TÍTULO
Título Método del camino crítico :
Resto del título una técnica administrativa, orientada hacia la computación electrónica--- /
Mención de responsabilidad, etc. preparado por Catalytic Construction Company ; tr. Manuel Arie Rinion.
260 ## - PUBLICACIÓN, DISTRIBUCIÓN, ETC.
Lugar de publicación, distribución, etc. México :
Nombre del editor, distribuidor, etc. Diana,
Fecha de publicación, distribución, etc. 1970 (1978 impr.)
300 ## - DESCRIPCIÓN FÍSICA
Extensión 123 p., [12] h., tablas :
Otras características físicas grafs.
650 #4 - ASIENTO SECUNDARIO DE MATERIA - TERMINO TEMATICO
Término de materia o nombre geográfico como elemento de entrada RUTA CRITICA -
Subdivisión general ANALISIS
650 #4 - ASIENTO SECUNDARIO DE MATERIA - TERMINO TEMATICO
Término de materia o nombre geográfico como elemento de entrada INGENIERIA -
Subdivisión general ADMINISTRACION
905 ## - TIPO DE MATERIAL
Tipo de material Libro
Holdings
Estado de retiro Estado de pérdida Fuente del sistema de clasificación o colocación Estado dañado No para préstamo Código de colección Localización permanente Ubicación/localización actual Ubicación en estantería Total de préstamos Clasificación Código de barras Fecha visto por última vez Número de copia Tipo de ítem Koha
    Library of Congress Classification     Colección General Bib. Gregorio Torres Quintero Bib. Gregorio Torres Quintero Planta baja 1 TA194 C3.48 12325 31/12/2020 1 Libro
    Library of Congress Classification     Colección General Bib. Gregorio Torres Quintero Bib. Gregorio Torres Quintero Planta baja   TA194 C3.48 12326 31/12/2020 1 Libro